000 00543nam a22001817a 4500
999 _c6404
_d6404
003 AR-CdUCM
008 190315b ||||| |||| 00| 0 esp d
040 _aMUNICIPALIDAD PROVINCIAL DEL CUSCO
_cBIBLIOTECA MUNICIPAL DEL CUSCO
082 _a869.56 /
_bV32
100 _avargas Arce, Cesar
_918214
245 _aFlor de cantuta
_cCesar Vargas Arce.
260 _aLima :
_bAsociacion Evangelica Luterana,
_c2008.
300 _a107 paginas,
_c21 cm.
650 _aPoesía
_9444
650 _aQuechua
_92063
942 _2ddc
_cLIBROS
945 _aacrt